| 000 | 00698cam a22002531 4500 | ||
|---|---|---|---|
| 001 | med48001504 | ||
| 003 | DLC | ||
| 005 | 20260227111611.0 | ||
| 008 | 810815s1947 xx 000 0 ger | ||
| 010 | _amed48001504 | ||
| 035 | _a(OCoLC)14744843 | ||
| 040 |
_aDLC _cDNLM _dDLC |
||
| 042 | _apremarc | ||
| 050 | 0 | 0 |
_aRD731 _b.H6 |
| 060 | 0 | 0 |
_aWE 100 _bH719o 1947 |
| 060 | 0 | 0 | _aFilm 2918 no. 7 |
| 100 | 1 |
_aHohmann, Georg, _d1880- |
|
| 245 | 1 | 0 | _aOrthopädie. |
| 260 |
_aHeidelberg, _bWinter, _c1947. |
||
| 300 |
_a143 p. _bill. |
||
| 490 | 0 | _aWinters Studienführer | |
| 504 | _a"Schrifttum zum Studium orthopädischer Fragen": p. [139]-143. | ||
| 500 |
_aMicrofilmed for preservation _5DNLM |
||
| 999 |
_c39039 _d39039 |
||